Pays commençant par K - Statistiques

Statistiques générales
  • Ce quiz a été pris 65 fois
    17 depuis la dernière actualisation
  • Le résultat moyen est 5 sur 6
Statistiques - réponses
Réponse % Correct
Kazakhstan
100%
Kenya
94%
Kirghizistan
88%
Koweit
88%
Kosovo
81%
Kiribati
69%
Aucun quiz correspondant
Distribution des résultats
% des personnes avec chaque résultat
Percentile par nombre de réponses
Votre historique - résultats
Vous n’avez pas pris ce quiz depuis la dernière actualisation